[Event "Caracas Altamira Village"]
[Site "Caracas"]
[Date "2024.02.21"]
[Round "9.5"]
[White "Ynojosa Aponte, Felix Jose"]
[Black "Pena Duran, Dilson Alejandro"]
[Result "1-0"]
[WhiteElo "2367"]
[BlackElo "2082"]
[PlyCount "24"]
[EventDate "2024.02.17"]
[EventType "tourn"]
[EventRounds "9"]
[EventCountry "VEN"]
[SourceTitle "CB10_2024"]
[SourceDate "2024.03.06"]
[SourceVersion "1"]
[SourceVersionDate "2024.03.06"]
[SourceQuality "1"]

1. e4 c5 2. c3 d5 3. exd5 Qxd5 4. d4 Nf6 5. Nf3 Bg4 6. Be2 e6 7. Be3 Nc6 8. h3 Bh5 9. dxc5 0-0-0 10. b4 Bg6 11. Qa4 Kb8 12. b5 Ne5 1-0

[Event "Caracas Altamira Village"]
[Site "Caracas"]
[Date "2024.02.18"]
[Round "2.4"]
[White "Ynojosa Aponte, Felix Jose"]
[Black "Gutierrez Anaya, Yeison Joel"]
[Result "1-0"]
[WhiteElo "2367"]
[BlackElo "2138"]
[PlyCount "93"]
[EventDate "2024.02.17"]
[EventType "tourn"]
[EventRounds "9"]
[EventCountry "VEN"]
[SourceTitle "CB10_2024"]
[SourceDate "2024.03.06"]
[SourceVersion "1"]
[SourceVersionDate "2024.03.06"]
[SourceQuality "1"]

1. c4 c6 2. e4 d5 3. cxd5 cxd5 4. exd5 Nf6 5. Qa4+ Nbd7 6. Nc3 g6 7. Bc4 Bg7 8. d3 0-0 9. Nf3 Nb6 10. Qb3 Bg4 11. Ne5 Bf5 12. Be3 Nfd7 13. Nxd7 Qxd7 14. h3 h5 15. a4 Rfd8 16. Rc1 Nc8 17. Ne4 Nd6 18. Nc5 Qe8 19. Nxb7 Nxb7 20. Qxb7 Rdb8 21. Qa6 Bxb2 22. Rc2 Ba3 23. Ke2 Bc8 24. Qa5 Bb4 25. Bb5 Bxa5 26. Bxe8 Rb3 27. Bc6 Bb7 28. Rc5 Bxc6 29. dxc6 Rb2+ 30. Kf3 Bc7 31. Rb5 Rc2 32. Rc1 Rxc1 33. Bxc1 Rc8 34. Rc5 Rd8 35. Ke2 Rd4 36. Rc4 Rd6 37. d4 a5 38. Kd3 e5 39. Ba3 Rd8 40. Bc5 f5 41. Rc1 exd4 42. Re1 Rc8 43. Kxd4 Kf7 44. Kc4 Bd8 45. Kd5 Bc7 46. Re7+ Kf6 47. Rd7 1-0

[Event "Velez op 10th"]
[Site "Velez Santander"]
[Date "2023.11.05"]
[Round "9"]
[White "Vivas Zamora, Fabian Ernesto"]
[Black "Ynojosa Aponte, Felix Jose"]
[Result "1-0"]
[WhiteElo "2375"]
[BlackElo "2393"]
[PlyCount "151"]
[EventDate "2023.11.01"]
[EventType "swiss"]
[EventRounds "10"]
[EventCountry "COL"]
[SourceTitle "Mega2024 Update 01"]
[Source "Chessbase"]
[SourceDate "2023.11.12"]
[SourceVersion "1"]
[SourceVersionDate "2023.11.12"]
[SourceQuality "1"]

1. e4 c5 2. Nf3 Nc6 3. Nc3 e5 4. Bc4 Be7 5. d3 d6 6. Nd2 Nf6 7. Nf1 Na5 8. Ne3 Nxc4 9. dxc4 0-0 10. g4 Ne8 11. h4 Nc7 12. Nf5 Be6 13. b3 b5 14. cxb5 Re8 15. Rh3 Qd7 16. Rd3 c4 17. bxc4 Bxc4 18. Rxd6 Bxd6 19. Nxd6 Qe6 20. Nxe8 Rxe8 21. a4 h5 22. Be3 Qe7 23. gxh5 Ne6 24. Nd5 Qxh4 25. Qf3 Nd4 26. Bxd4 exd4 27. 0-0-0 Rxe4 28. Qf5 Re6 29. Kb2 Be2 30. Rd2 d3 31. cxd3 Qxa4 32. Nc3 Qb4+ 33. Kc2 Bg4 34. Qd5 Re1 35. Qb3 Qc5 36. Kb2 Be6 37. Qa3 Qd4 38. Qa4 Qf6 39. Qxa7 Qf4 40. Ne4 Qe5+ 41. Nc3 Qf4 42. Ne4 f5 43. Qe7 Rxe4 44. Qd8+ Kh7 45. dxe4 Qe5+ 46. Qd4 Qxb5+ 47. Kc1 fxe4 48. h6 Kxh6 49. Qxe4 Qc4+ 50. Qxc4 Bxc4 51. Rd4 Ba2 52. Kd2 Kg5 53. Ke3 g6 54. Kf3 Bb1 55. Kg3 Kf5 56. Rd5+ Kf6 57. Kf4 Bf5 58. Rd6+ Be6 59. Rb6 g5+ 60. Ke4 Kf7 61. Ke5 Bh3 62. Rb3 g4 63. Kf4 Kg6 64. Rb5 Kh6 65. Rg5 Kh7 66. Rxg4 Bxg4 67. Kxg4 Kg6 68. Kf4 Kf6 69. f3 Ke6 70. Kg5 Kf7 71. Kf5 Ke7 72. Kg6 Kf8 73. f4 Kg8 74. f5 Kf8 75. Kf6 Kg8 76. Ke7 1-0

[Event "Caribean-chT 24th"]
[Site "San Salvador"]
[Date "2023.07.06"]
[Round "5.2"]
[White "Lee, Hayden"]
[Black "Ynojosa Aponte, Felix Jose"]
[Result "0-1"]
[WhiteElo "1757"]
[BlackElo "2413"]
[PlyCount "74"]
[EventDate "2023.07.06"]
[EventType "tourn"]
[EventRounds "15"]
[EventCountry "ESA"]
[SourceTitle "CBM 215 Extra"]
[Source "ChessBase"]
[SourceDate "2023.09.30"]
[SourceVersion "1"]
[SourceVersionDate "2023.09.30"]
[SourceQuality "1"]
[WhiteTeam "Trinidad and Tobago"]
[BlackTeam "Venezuela"]
[WhiteTeamCountry "TRI"]
[BlackTeamCountry "VEN"]

1. d4 Nf6 2. Nf3 e6 3. e3 b6 4. Bd3 Bb7 5. b3 d5 6. Bb2 c5 7. 0-0 Nc6 8. a3 Bd6 9. Nbd2 0-0 10. Ne5 Ne7 11. f4 Ng6 12. g4 cxd4 13. exd4 Ne4 14. g5 Nxf4 15. Rxf4 Qxg5+ 16. Rg4 Qe3+ 17. Kg2 Qf2+ 18. Kh1 Bxe5 19. Rg2 Qf4 20. Qe2 Nxd2 21. dxe5 d4 22. Rag1 g6 23. Bc1 Rac8 24. Bxd2 Qh4 25. Bg5 Qxg5 26. Be4 Bxe4 27. Qxe4 Qf5 28. Qxd4 Rxc2 29. Rf2 Qxf2 30. Qxf2 Rxf2 31. Rd1 Rc8 32. Kg1 Rfc2 33. h4 Rc1 34. Rxc1 Rxc1+ 35. Kf2 Rc3 36. Ke2 Rxb3 37. Kd2 Rxa3 0-1

[Event "Caribean-chT 24th"]
[Site "San Salvador"]
[Date "2023.07.06"]
[Round "1.2"]
[White "Quesada Perez, Luis Ernesto"]
[Black "Ynojosa Aponte, Felix Jose"]
[Result "0-1"]
[WhiteElo "2554"]
[BlackElo "2413"]
[PlyCount "134"]
[EventDate "2023.07.06"]
[EventType "tourn"]
[EventRounds "15"]
[EventCountry "ESA"]
[SourceTitle "CBM 215 Extra"]
[Source "ChessBase"]
[SourceDate "2023.09.30"]
[SourceVersion "1"]
[SourceVersionDate "2023.09.30"]
[SourceQuality "1"]
[WhiteTeam "Cuba"]
[BlackTeam "Venezuela"]
[WhiteTeamCountry "CUB"]
[BlackTeamCountry "VEN"]

1. d4 Nf6 2. c4 e6 3. Nf3 d5 4. Nc3 c6 5. Bg5 h6 6. Bh4 g5 7. Bg3 dxc4 8. e4 b5 9. Be2 Bb7 10. h4 g4 11. Ne5 Nbd7 12. 0-0 Nh5 13. Nxd7 Nxg3 14. fxg3 Qxd7 15. Qd2 h5 16. Rad1 Bh6 17. Qc2 Be3+ 18. Kh2 Bxd4 19. a4 a6 20. e5 c5 21. Ne4 Bxe4 22. Qxe4 Rd8 23. axb5 axb5 24. Qf4 Qc7 25. Qf6 Rf8 26. Qh6 Qxe5 27. Rde1 Qg7 28. Qxh5 Rh8 29. Qxg4 Qxg4 30. Bxg4 Bxb2 31. Kh3 Ke7 32. Re2 Bd4 33. Bf5 b4 34. Rc2 c3 35. Re2 b3 36. g4 c2 37. Bxc2 bxc2 38. Rxc2 Rb8 39. Ra2 Rb3+ 40. g3 Rhb8 41. g5 Be5 42. Ra7+ R8b7 43. Rxb7+ Rxb7 44. Rc1 Rb3 45. Rxc5 Rxg3+ 46. Kh2 Rxg5+ 47. Kh1 Rf5 48. Kg2 Kf6 49. Kh3 Rf3+ 50. Kg4 Rg3+ 51. Kh5 Rg1 52. Rb5 Bd4 53. Ra5 e5 54. Ra6+ Kf5 55. Ra8 e4 56. Rf8 f6 57. Re8 e3 58. Rxe3 Rg8 59. Rf3+ Ke4 60. Rf1 f5 61. Kh6 f4 62. h5 f3 63. Kh7 Rg7+ 64. Kh6 Rg1 65. Rxf3 Kxf3 66. Kh7 Be3 67. h6 Bxh6 0-1

[Event "Caribean-chT 24th"]
[Site "San Salvador"]
[Date "2023.07.06"]
[Round "11.2"]
[White "Ynojosa Aponte, Felix Jose"]
[Black "Etienne, Angelo"]
[Result "1-0"]
[WhiteElo "2413"]
[BlackElo "2079"]
[PlyCount "71"]
[EventDate "2023.07.06"]
[EventType "tourn"]
[EventRounds "15"]
[EventCountry "ESA"]
[SourceTitle "CBM 215 Extra"]
[Source "ChessBase"]
[SourceDate "2023.09.30"]
[SourceVersion "1"]
[SourceVersionDate "2023.09.30"]
[SourceQuality "1"]
[WhiteTeam "Venezuela"]
[BlackTeam "Haiti"]
[WhiteTeamCountry "VEN"]
[BlackTeamCountry "HAI"]

1. e4 d6 2. d4 Nf6 3. Bd3 e5 4. c3 Be7 5. f4 Nbd7 6. Nf3 0-0 7. h3 exf4 8. Bxf4 Nh5 9. Bh2 Bh4+ 10. Nxh4 Qxh4+ 11. Kd2 Ndf6 12. Qf3 Re8 13. g4 d5 14. e5 Ne4+ 15. Bxe4 dxe4 16. Qe3 f5 17. gxh5 Qxh5 18. Kc2 Be6 19. Nd2 Kh8 20. Rhg1 h6 21. c4 c6 22. Raf1 Rad8 23. Bf4 Rg8 24. h4 b5 25. b3 a5 26. c5 Rd7 27. Rg2 Rgd8 28. Rfg1 a4 29. Rg6 axb3+ 30. axb3 Bg8 31. Bxh6 f4 32. Qxf4 Bh7 33. Bxg7+ Rxg7 34. Rxg7 e3+ 35. Rxh7+ Qxh7+ 36. Ne4 1-0

[Event "Caribean-chT Rapid 24th"]
[Site "San Salvador"]
[Date "2023.07.05"]
[Round "12.2"]
[White "Ynojosa Aponte, Felix Jose"]
[Black "Ibarra Chami, Luis Fernando"]
[Result "0-1"]
[WhiteElo "2406"]
[BlackElo "2429"]
[PlyCount "62"]
[EventDate "2023.07.03"]
[EventType "tourn (rapid)"]
[EventRounds "15"]
[EventCountry "ESA"]
[SourceTitle "CBM 215 Extra"]
[Source "ChessBase"]
[SourceDate "2023.09.30"]
[SourceVersion "1"]
[SourceVersionDate "2023.09.30"]
[SourceQuality "1"]
[WhiteTeam "Venezuela"]
[BlackTeam "Mexico"]
[WhiteTeamCountry "VEN"]
[BlackTeamCountry "MEX"]

1. c4 e6 2. e4 b6 3. d4 Bb7 4. d5 exd5 5. exd5 Bb4+ 6. Bd2 Qe7+ 7. Be2 Nf6 8. Nf3 c6 9. dxc6 Nxc6 10. 0-0 0-0 11. Bg5 Rfe8 12. Bd3 Ne5 13. Nxe5 Qxe5 14. Bxf6 Qxf6 15. Qc1 Re5 16. f3 Bc5+ 17. Kh1 Rh5 18. h3 Rxh3+ 19. gxh3 Bxf3+ 20. Rxf3 Qxf3+ 21. Kh2 Bd6+ 22. Kg1 Qg3+ 23. Kf1 Qxd3+ 24. Kf2 Qg3+ 25. Kf1 Qxh3+ 26. Kf2 Bc5+ 27. Ke2 Re8+ 28. Kd1 Qf1+ 29. Kc2 Qxc4+ 30. Nc3 Re2+ 31. Kd1 Qd3+ 0-1

[Event "Caribean-chT Rapid 24th"]
[Site "San Salvador"]
[Date "2023.07.05"]
[Round "14.2"]
[White "Ynojosa Aponte, Felix Jose"]
[Black "Leon Archibaldo, Orlando Andres"]
[Result "1-0"]
[WhiteElo "2406"]
[BlackElo "2182"]
[PlyCount "135"]
[EventDate "2023.07.03"]
[EventType "tourn (rapid)"]
[EventRounds "15"]
[EventCountry "ESA"]
[SourceTitle "CBM 215 Extra"]
[Source "ChessBase"]
[SourceDate "2023.09.30"]
[SourceVersion "1"]
[SourceVersionDate "2023.09.30"]
[SourceQuality "1"]
[WhiteTeam "Venezuela"]
[BlackTeam "Panama"]
[WhiteTeamCountry "VEN"]
[BlackTeamCountry "PAN"]

1. e4 c5 2. c3 d5 3. exd5 Qxd5 4. d4 e6 5. Nf3 Nf6 6. Be2 Be7 7. 0-0 Nc6 8. Be3 cxd4 9. cxd4 0-0 10. Nc3 Qd6 11. h3 Nb4 12. Ne5 Nbd5 13. Bg5 b6 14. Bf3 Ba6 15. Re1 Rac8 16. Qa4 b5 17. Nxb5 Bxb5 18. Qxb5 Rc2 19. Rac1 Rb8 20. Qxb8+ Qxb8 21. Rxc2 h6 22. Nc6 Qd6 23. Bh4 Bf8 24. Bg3 Qd7 25. a3 Qb7 26. b4 Qa6 27. Na5 Qd3 28. Rc8 Nb6 29. Rb8 Qxa3 30. Nc6 g6 31. Rb7 Nfd5 32. Ne5 Bxb4 33. Rd1 Be7 34. Rd3 Qa6 35. Rb8+ Kg7 36. Bxd5 Nxd5 37. Rf3 Bf6 38. Kh2 h5 39. h4 Ne7 40. Rfb3 Nc6 41. R8b7 Bxe5 42. Bxe5+ Nxe5 43. dxe5 Qe2 44. Rf3 Qxe5+ 45. g3 Qd4 46. Rfxf7+ Kg8 47. Rxa7 e5 48. Rad7 Qb6 49. Rc7 Qd4 50. Rf6 g5 51. hxg5 h4 52. Rc8+ Kg7 53. Rc7+ Kg8 54. g6 hxg3+ 55. Kxg3 e4 56. Re6 Qd8 57. Rce7 Qd3+ 58. Kf4 Qf3+ 59. Ke5 Qxf2 60. Rc6 Qg3+ 61. Kd4 Qd3+ 62. Ke5 Qg3+ 63. Kd5 Qg5+ 64. Re5 Qd2+ 65. Kc5 e3 66. Re8+ Kg7 67. Re7+ Kf8 68. Rf7+ 1-0

[Event "Caribean-chT Rapid 24th"]
[Site "San Salvador"]
[Date "2023.07.03"]
[Round "5.2"]
[White "Ynojosa Aponte, Felix Jose"]
[Black "Lee, Hayden"]
[Result "1-0"]
[WhiteElo "2406"]
[BlackElo "1856"]
[PlyCount "81"]
[EventDate "2023.07.03"]
[EventType "tourn (rapid)"]
[EventRounds "15"]
[EventCountry "ESA"]
[SourceTitle "CBM 215 Extra"]
[Source "ChessBase"]
[SourceDate "2023.09.30"]
[SourceVersion "1"]
[SourceVersionDate "2023.09.30"]
[SourceQuality "1"]
[WhiteTeam "Venezuela"]
[BlackTeam "Trinidad and Tobago"]
[WhiteTeamCountry "VEN"]
[BlackTeamCountry "TRI"]

1. e4 c5 2. c3 d5 3. exd5 Qxd5 4. d4 Nf6 5. Nf3 Bg4 6. Be2 e6 7. h3 Bh5 8. Be3 cxd4 9. cxd4 Bb4+ 10. Nc3 0-0 11. 0-0 Qa5 12. Qb3 Nbd7 13. a3 Bd6 14. Rfd1 a6 15. d5 e5 16. Qxb7 Rfb8 17. Qc6 Qc7 18. Qxc7 Bxc7 19. d6 Ba5 20. b4 Bd8 21. g4 Bg6 22. Rac1 h6 23. Na4 Rc8 24. Nc5 Bb6 25. Nxd7 Nxd7 26. Rxc8+ Rxc8 27. Bxb6 Nxb6 28. Nxe5 Be4 29. Bxa6 Rd8 30. b5 f6 31. Nc6 Rd7 32. Rd4 Bf3 33. a4 Rf7 34. a5 Nd7 35. Bc8 Nc5 36. d7 Nxd7 37. Bxd7 Kh7 38. a6 h5 39. a7 Rf8 40. b6 hxg4 41. b7 1-0